[Event "Hong Kong op"]
[Site "Hong Kong"]
[Date "2015.10.04"]
[Round "7"]
[White "Behnam, Hamdolah"]
[Black "Deng, Yu Dong Michael"]
[Result "1/2-1/2"]
[WhiteElo "1967"]
[BlackElo "1650"]
[PlyCount "92"]
[EventDate "2015.10.01"]
[EventType "swiss"]
[EventRounds "9"]
[EventCountry "HKG"]
[SourceTitle "CBM 168 Extra"]
[Source "ChessBase"]
[SourceDate "2015.10.29"]
[SourceVersion "1"]
[SourceVersionDate "2015.10.29"]
[SourceQuality "1"]

1. e4 c5 2. Nf3 Nc6 3. d4 cxd4 4. Nxd4 g6 5. Be3 Bg7 6. Nc3 Nf6 7. Be2 0-0 8. 0-0 d6 9. h3 Bd7 10. Qd2 a6 11. f4 b5 12. Bf3 Rc8 13. Rad1 Qc7 14. Nce2 Rfd8 15. c3 e5 16. Nb3 Be6 17. f5 Bxb3 18. axb3 Ne7 19. g4 d5 20. Qc2 dxe4 21. Bxe4 Nxe4 22. Qxe4 f6 23. Ng3 g5 24. Nh5 h6 25. b4 Nc6 26. Bc5 Rd7 27. Rd5 Rcd8 28. Rfd1 Qb7 29. Rd6 Rxd6 30. Rxd6 Rxd6 31. Bxd6 Nd8 32. Qe3 Qd5 33. Be7 Qd1+ 34. Kg2 Qd7 35. Bxd8 Qxd8 36. Kf2 Qd5 37. Ke2 Qg2+ 38. Kd3 Qd5+ 39. Kc2 Qg2+ 40. Qd2 Qe4+ 41. Qd3 Qg2+ 42. Kb3 Qc6 43. Qd8+ Kf7 44. Qb8 Qd7 45. Qa8 Qd1+ 46. Ka2 Qa4+ 1/2-1/2

[Event "Hong Kong op"]
[Site "Hong Kong"]
[Date "2015.10.04"]
[Round "8"]
[White "Chan, Chak Man"]
[Black "Behnam, Hamdolah"]
[Result "1-0"]
[WhiteElo "1806"]
[BlackElo "1967"]
[PlyCount "151"]
[EventDate "2015.10.01"]
[EventType "swiss"]
[EventRounds "9"]
[EventCountry "HKG"]
[SourceTitle "CBM 168 Extra"]
[Source "ChessBase"]
[SourceDate "2015.10.29"]
[SourceVersion "1"]
[SourceVersionDate "2015.10.29"]
[SourceQuality "1"]

1. Nf3 d5 2. b3 Nf6 3. Bb2 g6 4. e3 Bg7 5. c4 c6 6. Na3 0-0 7. Be2 Re8 8. cxd5 cxd5 9. 0-0 Nc6 10. Ne5 Nxe5 11. Bxe5 Qa5 12. Nb5 Ne4 13. Bxg7 Kxg7 14. b4 Qb6 15. Rc1 Rd8 16. Nc7 Rb8 17. d3 Nf6 18. Qb3 Rd7 19. Qc3 Rd6 20. Ne8+ Kf8 21. Nxd6 Qxd6 22. Qc7 Ne8 23. Qxd6 Nxd6 24. Bf3 e6 25. g4 Bd7 26. h4 Bc6 27. Bg2 Ke7 28. Rfe1 f5 29. f3 Rg8 30. Kh2 a6 31. Kg3 e5 32. Kf2 Kf6 33. Bh3 Nb5 34. gxf5 gxf5 35. Rg1 Rg6 36. Rxg6+ hxg6 37. Bf1 d4 38. f4 exf4 39. exf4 Nc3 40. Rc2 Nd1+ 41. Kg3 Ne3 42. Rc1 Bb5 43. Be2 Nd5 44. a3 Nc3 45. Bf1 Bc6 46. Re1 Bb5 47. Re5 Nd1 48. Be2 Nc3 49. Kf2 Bc6 50. Bf3 Bb5 51. Be2 Bc6 52. Bf3 Bb5 53. Bxb7 Bxd3 54. Ra5 Be4 55. Bxa6 d3 56. Ke1 Nb1 57. Bxd3 Bxd3 58. b5 Nxa3 59. Rxa3 Bxb5 60. Kd2 Kg7 61. Ra5 Bf1 62. Ke3 Kh6 63. Kf2 Bh3 64. Ra7 Bg4 65. Rd7 Bh3 66. Kg3 Bg4 67. Kg2 Bh5 68. Kf2 Bg4 69. Ke3 Bh3 70. Kd4 Kh5 71. Rh7+ Kg4 72. Ke5 Kg3 73. Rh6 Bg4 74. Rxg6 Kxh4 75. Rg5 Bh3 76. Rxf5 1-0

[Event "Hong Kong op"]
[Site "Hong Kong"]
[Date "2015.10.02"]
[Round "3"]
[White "Behnam, Hamdolah"]
[Black "Feng, Xuan"]
[Result "0-1"]
[WhiteElo "1967"]
[BlackElo "1737"]
[PlyCount "88"]
[EventDate "2015.10.01"]
[EventType "swiss"]
[EventRounds "9"]
[EventCountry "HKG"]
[SourceTitle "CBM 168 Extra"]
[Source "ChessBase"]
[SourceDate "2015.10.29"]
[SourceVersion "1"]
[SourceVersionDate "2015.10.29"]
[SourceQuality "1"]

1. e4 c5 2. Nf3 g6 3. d4 Bg7 4. c3 cxd4 5. cxd4 d5 6. e5 Bg4 7. Bb5+ Nd7 8. h3 Bxf3 9. Qxf3 e6 10. 0-0 Nh6 11. Bxh6 Bxh6 12. Nc3 0-0 13. Qd3 Nb6 14. Na4 a6 15. Nxb6 Qxb6 16. Ba4 Rac8 17. Bb3 Bg7 18. Kh1 Qc6 19. h4 b5 20. h5 a5 21. Rac1 Qxc1 22. Rxc1 Rxc1+ 23. Kh2 a4 24. Bd1 Rb8 25. Qd2 Rc7 26. h6 Bf8 27. g4 Ra7 28. g5 b4 29. Qd3 a3 30. bxa3 bxa3 31. Bb3 Rab7 32. Qd2 Rb4 33. Qc3 Rxb3 34. axb3 a2 35. Qa1 Ra8 36. Kg2 Bb4 37. Kh2 Bd2 38. Kg2 Bxg5 39. b4 Bd2 40. b5 Bc3 41. Qxc3 a1Q 42. Qf3 Qa3 43. Qf6 Qf8 44. b6 Rb8 0-1

[Event "Hong Kong-ch prel"]
[Site "Hong Kong"]
[Date "2015.01.19"]
[Round "3"]
[White "Garceran Nieuwenburg, David"]
[Black "Behnam, Hamdolah"]
[Result "0-1"]
[WhiteElo "1767"]
[BlackElo "1959"]
[PlyCount "71"]
[EventDate "2015.01.05"]
[EventType "swiss"]
[EventRounds "9"]
[EventCountry "HKG"]
[SourceTitle "EXT 2016"]
[Source "ChessBase"]
[SourceDate "2015.10.08"]
[SourceVersion "1"]
[SourceVersionDate "2015.10.08"]
[SourceQuality "1"]

1. d4 Nf6 2. Nc3 e6 3. Bg5 h6 4. Bh4 d5 5. e3 Be7 6. Bg3 a6 7. Bd3 c5 8. dxc5 Bxc5 9. Nf3 Nc6 10. a3 0-0 11. 0-0 Bd6 12. e4 Bxg3 13. hxg3 d4 14. Nb1 e5 15. Nbd2 Bg4 16. Be2 Rc8 17. Ne1 Bxe2 18. Qxe2 Qb6 19. Rb1 Rfe8 20. Kh1 h5 21. Ndf3 Ng4 22. Nh2 Nxh2 23. Kxh2 g6 24. g4 hxg4 25. Qxg4 Kg7 26. g3 Qc5 27. Kg2 Qe7 28. Rh1 Rh8 29. Nf3 Qf6 30. Nh4 Ne7 31. Nf3 Rxc2 32. Rxh8 Kxh8 33. Qd7 g5 34. Qd8+ Kg7 35. Rh1 Ng8 36. Rh5 0-1

[Event "Hong Kong-ch prel"]
[Site "Hong Kong"]
[Date "2015.01.05"]
[Round "1"]
[White "Alvin , Choi"]
[Black "Behnam, Hamdolah"]
[Result "0-1"]
[WhiteElo "1281"]
[BlackElo "1959"]
[PlyCount "74"]
[EventDate "2015.01.05"]
[EventType "swiss"]
[EventRounds "9"]
[EventCountry "HKG"]
[SourceTitle "EXT 2016"]
[Source "ChessBase"]
[SourceDate "2015.10.08"]
[SourceVersion "1"]
[SourceVersionDate "2015.10.08"]
[SourceQuality "1"]

1. e4 e5 2. Nf3 Nc6 3. Bc4 Nf6 4. Nc3 Be7 5. d3 d6 6. Bd2 Bg4 7. Ne2 0-0 8. Ng3 d5 9. Bb3 Nd4 10. c3 Nxb3 11. Qxb3 Bxf3 12. gxf3 dxe4 13. dxe4 Qd3 14. c4 Rfd8 15. Qxd3 Rxd3 16. Ke2 Rad8 17. Rhd1 g6 18. Bc3 Rxd1 19. Rxd1 Rxd1 20. Kxd1 Nd7 21. Ke2 f6 22. Bd2 Kf7 23. f4 Bd6 24. fxe5 Nxe5 25. b3 h5 26. f3 Ke6 27. Be3 Nc6 28. Bd2 h4 29. Nf1 g5 30. h3 Nd4+ 31. Kf2 c6 32. Be3 Be5 33. Bxd4 Bxd4+ 34. Ke2 Ke5 35. Kd3 Bc5 36. Ke2 Kf4 37. a4 a5 0-1